000
00295nam a2200133Ia 4500
100
_a
Hahn harley
942
_c
BK
654
_a
Guide to unix
245
_a
A Student''''s guide to Unix
260
_b
Mc Graw Hill
_a
New Delhi
_c
1993
082
_a
005.13 'U'
546
_a
ENGLISH
999
_c
18174
_d
18174